| 000 | 00335nam a2200121Ia 4500 | ||
|---|---|---|---|
| 008 | 220214s9999 xx 000 0 und d | ||
| 245 | 0 | _aIndustrial Times | |
| 260 |
_bEve's Weekly Ltd _aBombay |
||
| 500 | _aEnding Volume & Year: 20, 1978 | ||
| 500 | _aMissing Volume: 13-14;17 | ||
| 500 | _aStarting Volume & Year: 7, 1965 | ||
| 942 | _cBJ | ||
| 999 |
_c1625 _d1625 |
||